| 000 | 01234nam a22003614a 4500 | ||
|---|---|---|---|
| 001 | UByD003467 | ||
| 003 | AR-LpoUNG | ||
| 005 | 20250203145113.0 | ||
| 008 | 241212s2023 ag 000 0 spa d | ||
| 020 | _a9789876307307 | ||
| 040 |
_aAR-LpoUNG _bspa _cAR-LpoUNG _eaacr |
||
| 041 | 0 | _aspa | |
| 082 | 0 | _a982.065 558par | |
| 100 | 1 | _aMereb, Marina Ayelén | |
| 245 | 1 | 1 |
_a¿Paraíso mágico y natural? : _bhistoria y memorias de la represión política en El Bolsón : 1974-2012 |
| 250 | _a1ra. ed. | ||
| 260 |
_aBuenos Aires : _bUniversidad Nacional de General Sarmiento ; _aLa Plata : _bUniversidad Nacional de La Plata ; _aPosadas : _bUniversidad Nacional de Misiones, _c2023. |
||
| 300 | _a379 p. | ||
| 490 | 0 |
_aEntre los libros de la buena memoria ; _vno. 36 |
|
| 650 | 4 | _aANALISIS HISTORICO | |
| 650 | 4 | _aHISTORIA POLITICA | |
| 650 | 4 | _aREPRESION POLITICA | |
| 650 | 4 | _aVIOLENCIA POLITICA | |
| 650 | 4 | _aPARTIDOS POLITICOS | |
| 650 | 4 | _aDICTADURA | |
| 650 | 4 | _aGOBIERNO LOCAL | |
| 650 | 4 | _aDESAPARECIDOS POLITICOS | |
| 650 | 4 | _aDERECHOS HUMANOS | |
| 651 | 4 | _aARGENTINA | |
| 651 | 4 | _aRIO NEGRO (PROVINCIA) | |
| 856 | 4 |
_uhttps://repositorio.ungs.edu.ar/handle/UNGS/1828 _yTexto completo |
|
| 942 |
_2ddc _cLIB |
||
| 999 |
_c66150 _d66150 |
||